| Tag |
First Indicator |
Second Indicator |
Subfields |
| LEADER |
00000cam a2200000 4500 |
| 001 |
in00000052506 |
| 005 |
20151007072111.0 |
| 008 |
721218s1944 nz ab b 00010 eng u |
| 010 |
|
|
|a 45003468
|
| 035 |
|
|
|a (OCoLC)00519260
|
| 035 |
|
|
|9 AAE7233AM
|
| 040 |
|
|
|c KSU
|d TXA
|d UtOrBLW
|
| 049 |
|
|
|a TXAM
|c [152073]
|
| 050 |
|
0 |
|a QE522
|b .C6
|
| 092 |
|
|
|a 551.21
|b C851v
|
| 100 |
1 |
|
|a Cotton, C. A.
|q (Charles Andrew),
|d 1885-1970.
|
| 245 |
1 |
0 |
|a Volcanoes as landscape forms /
|c by C. A. Cotton.
|
| 264 |
|
1 |
|a Christchurch, N. Z.,
|a London [etc.] :
|b Whitcombe & Tombs limited,
|c 1944.
|
| 300 |
|
|
|a 7 pages ., 415 pages 1 unnumbered page :
|b frontispiece, illustrations (including maps) diagrams, profiles. ;
|c 23 cm.
|
| 336 |
|
|
|a text
|b txt
|2 rdacontent
|
| 337 |
|
|
|a unmediated
|b n
|2 rdamedia
|
| 338 |
|
|
|a volume
|b nc
|2 rdacarrier
|
| 504 |
|
|
|a Bibliographical foot-notes.
|
| 650 |
|
0 |
|a Volcanoes.
|
| 650 |
|
0 |
|a Physical geography.
|
| 999 |
|
|
|a MARS
|
| 999 |
f |
f |
|s a131f62d-769b-3f36-af46-080dbbdfea9f
|i 14245f7b-5856-3765-9ef2-dd864526aa6b
|t 0
|
| 952 |
f |
f |
|p ric
|a Texas A&M University
|b Rellis Campus
|c Joint Library Facility
|s JLF
|d Remote Storage
|t 0
|e QE522 .C6
|h Library of Congress classification
|i unmediated -- volume
|m A14800950642
|
| 998 |
f |
f |
|a QE522 .C6
|t 0
|l Remote Storage
|